Logo BPK

Biblioteka

Politechniki Koszalińskiej

Metodyczne podstawy ekonomicznej oceny inwestycji informatycznych przedsiębiorstw / (Rekord nr 54369)

Szczegóły MARC
000 -ETYKIETA REKORDU
podpole kontrolne o stałej długości 01218nam a2200301 i 4500
001 - NUMER KONTROLNY REKORDU
pole kontrolne bg
020 ## - MIĘDZYNARODOWY ZNORMALIZOWANY NUMER KSIĄŻKI - ISBN
ISBN 9788372416148
040 ## - ŹRÓDŁO KATALOGOWANIA
Instytucja, która utworzyła rekord BPK
041 0# - KOD JĘZYKA
Kod języka tekstu pol
Kod języka streszczenia lub abstraktu eng
044 ## - KOD KRAJU WYDAWCY/PRODUCENTA
Kod kraju wydawcy/producenta POL
080 ## - UNIWERSALNA KLASYFIKACJA DZIESIĘTNA - UKD
UKD 658.1/.5:005.336.1:004.65
920 ## - Międzynarodowy znormalizowany numer książki – ISBN
ISBN 978-83-7241-614-8
008 - POLE O STAŁEJ DŁUGOŚCI - DANE KONTROLNE
podpole kontrolne o stałej długości s pl f |000 0 pol
100 1# - NAZWA OSOBOWA
Nazwa osobowa Cypryjański, Jacek.
245 10 - TYTUŁ/ODPOWIEDZIALNOŚĆ
Tytuł Metodyczne podstawy ekonomicznej oceny inwestycji informatycznych przedsiębiorstw /
Pozostałe elementy strefy tytułu i oznaczenia odpowiedzialności Jacek Cypryjański.
260 ## - STREFA ADRESU WYDAWNICZEGO
Miejsce wydania Szczecin :
Nazwa wydawcy/dystrybutora Wydawnictwo Naukowe Uniwersytetu Szczecińskiego,
Data publikacji, dystrybucji/powstania dokumentu 2007.
300 ## - STREFA OPISU FIZYCZNEGO
Objętość 296 s. :
Inne cechy fizyczne rys. ;
Rozmiary 24 cm.
490 ## - STREFA SERII I DOKUMENTU WIELOCZĘŚCIOWEGO - FORMA NIE DO WYSZUKIWANIA
Tytuł i oznaczenie odpowiedzialności serii Rozprawy i Studia / Uniwersytet Szczeciński,
ISSN 0860-27510
Numeracja w obrębie serii t. (743) 669
500 ## - UWAGI OGÓLNE
Tekst uwagi Na s. tyt. także t. 743 oznaczający numer kolejny serii Rozprawy i Studia do nr 74 wydawanej przez Wyższą Szkołę Pedagogiczną w Szczecinie.
504 ## - UWAGA DOTYCZĄCA BIBLIOGRAFII
Informacje o bibliografii Bibliogr. s. 279-290.
546 ## - UWAGA O JĘZYKU
Uwaga o języku Streszcz. ang.
650 #9 - HASŁO PRZEDMIOTOWE W FORMIE NAZWY OGÓLNEJ LUB JEDNOSTKOWEJ
Nazwa ogólna lub geograficzna Przedsiębiorstwo
Określnik ogólny inwestycje
650 #9 - HASŁO PRZEDMIOTOWE W FORMIE NAZWY OGÓLNEJ LUB JEDNOSTKOWEJ
Nazwa ogólna lub geograficzna Systemy informatyczne zarządzania
650 #9 - HASŁO PRZEDMIOTOWE W FORMIE NAZWY OGÓLNEJ LUB JEDNOSTKOWEJ
Nazwa ogólna lub geograficzna Efektywność ekonomiczna
830 ## - HASŁO DODATKOWE SERII LUB DOKUMENTU WIELOCZĘŚCIOWEGO - TYTUŁ UJEDNOLICONY
Tytuł ujednolicony Rozprawy i Studia - Uniwersytet Szczeciński
-- 0860-2751
Oznaczenie tomu t. 669
856 ## - LOKALIZACJA I DOSTĘP DO ELEKTRONICZNYCH DOKUMENTÓW ZDALNYCH
Link (URL) http://koha.tu.koszalin.pl/cgi-bin/koha/opac-detail.pl?biblionumber=54369
Tekst linku Katalog online BPK
942 ## - DODATKOWE ELEMENTY (KOHA)
Typ dokumentu Książka
Egzemplarze
Wycofany Status egzemplarza Uszkodzony Dostępność Lokalizacja stała Lokalizacja bieżąca Miejsce przechowywania Sygnatura Kod kreskowy Dział Typ dokumentu
      Tylko na miejscu Biblioteka Politechniki Koszalińskiej Biblioteka Politechniki Koszalińskiej Czytelnia Wydziałowa ul. Kwiatkowskiego 6e 85641 02408743 658.1/.5 Organizacja przedsiębiorstwa Książka
© 2023 Biblioteka Politechniki Koszalińskiej :: KOHA